000 00652nam a2200241Ia 4500
003 OSt
005 20220918225318.0
006 a|||||r|||| 00| 0
007 ta
008 220917b |||||||| |||| 00| 0 eng d
024 _a239,857
037 _cTextual
040 _aARTS
_cARTS
_beng
041 _2eng
_aeng
082 _aO111,3NGUS,1, N8
100 _aGustand Kaizad
_9150211
245 0 _aOf no fired address
260 _aNew Delhi
_bHarperCollins Publishers India
_c1998
300 _a242p.
_ccm.
650 _aENGLISH LITERATURE
942 _hO111,3NGUS,1, N8
_cTEXL
_2CC
999 _c284339
_d284339